Diálogo y reflexividad: acerca de la relación entre esfera pública y medios de comunicación /
Uloženo v:
| Hlavní autor: | |
|---|---|
| Médium: | Text |
| Témata: | |
| Tagy: |
Přidat tag
Žádné tagy, Buďte první, kdo vytvoří štítek k tomuto záznamu!
|
MARC
| LEADER | 00000 a a2200000 04500 | ||
|---|---|---|---|
| 001 | 9621 | ||
| 003 | |||
| 040 | |||
| 100 | |a Avritzer, Leonardo | ||
| 245 | |a Diálogo y reflexividad: |b acerca de la relación entre esfera pública y medios de comunicación / |c Leonardo Avritzer | ||
| 650 | |a MEDIOS DE COMUNICACION | ||
| 650 | |a SECTOR PUBLICO | ||
| 650 | |a SOCIEDAD | ||
| 650 | |a TEORIA | ||
| 650 | |a DEMOCRACIA | ||
| 650 | |a CULTURA | ||
| 650 | |a CIENCIA POLITICA | ||
| 773 | |g volumen 3, número 9; páginas 79-94 | ||
| 999 | |c 33507 |d 33507 | ||
